Okresy w historii Japonii - Statystyki

Ogólne statystyki
  • Ten quiz został rozwiązany 30 razy
  • Średni wynik to 8 z 16
Statystyki odpowiedzi
Daty Okres % Poprawnych
1600-1868 Edo
100%
1868-1912 Meiji
77%
1926-1989 Shōwa
77%
Od XII tysiąclecia p.n.e. do ok. 400 r. p.n.e. Jōmon
69%
794-1185 Heian
62%
710-794 Nara
62%
Od ok 400 r. p.n.e. do ok. 250 r. naszej ery Yayoi
62%
1185-1333 Kamakura
54%
1333-1568 Muromachi
46%
2019- Reiwa
46%
1912-1926 Taishō
46%
538-710 Asuka
38%
250-538 Kofun
31%
1568-1600 Azuchi-Momoama
8%
1989-2019 Heises
0%
Do XII tysiąclecia p.n.e Mudoki
0%
Nie znaleziono quizów pasujących do podanych kryteriów
Rozkład punktacji
Procent ludzi z każdym wynikiem
Percentyl według liczby udzielonych odpowiedzi
Twoja historia wyników
Nie rozwiązałeś tego quizu